000 00914nam a2200289 a 4500
001 85886
003 BD-RjUL
005 20251026154204.0
008 251026s1985 bg b 000 0 ben
035 _a(BD-RjUL)85886
040 _aDLC
_cDLC
_dDLC
_dBD-RjUL
_beng
041 _aeng
082 0 0 _219
_a307.14095492
_bHAP 1985
100 1 _aHuq, M. Nurul.
_917235
245 1 4 _aThe poor in development :
_ba study on Bangladesh /
_cM. Nurul Haq.
260 _aBogra, Bangladesh :
_bRural Development Academy,
_c1985.
300 _a232 p. ;
_c23 cm.
336 _atext
_btxt
_2rdacontent
337 _aunmediated
_bn
_2rdamedia
338 _avolume
_bnc
_2rdacarrier
504 _aBibliography: p. 229-232.
650 0 _aRural development
_zBangladesh.
650 0 _aRural poor
_zBangladesh.
650 0 _aCooperative societies
_zBangladesh.
_917236
651 0 _aBangladesh
_xEconomic conditions.
942 _2ddc
_cBK
999 _c85886
_d85886